00272nam a2200121Ia 45000030006000000080041000060400015000471000015000622450035000772600009001125460012001210050017001330STCL150530s9999 xx 000 0 und d aSTCLcSTCL aPaul Wells aPost keneysian economic theory c1995 aEnglish20220125165655.0